Nonlinear fiber optics /

Bibliographic Details
Main Author: Agrawal, G. P. (Govind P.), 1951-
Format: Book
Language:English
Published: San Diego : Academic Press, [2001]
Edition:3rd ed.
Series:Optics and photonics.
Subjects:

MARC

Tag First Indicator Second Indicator Subfields
LEADER 00000cam a2200000Ia 4500
001 in00001605521
005 20151023051053.0
008 010303s2001 caua b 001 0 eng d
010 |a  00111106  
020 |a 0120451433 
035 |a (OCoLC)ocm46365799 
035 |a G01B-246 
040 |a NAG  |c NAG  |d TXA  |d UtOrBLW 
049 |a TXAM 
090 |a QC448  |b .A38 2001 
100 1 |a Agrawal, G. P.  |q (Govind P.),  |d 1951- 
245 1 0 |a Nonlinear fiber optics /  |c Govind P. Agrawal. 
250 |a 3rd ed. 
264 1 |a San Diego :  |b Academic Press,  |c [2001] 
264 4 |c ©2001 
300 |a xvi, 466 pages :  |b illustrations ;  |c 24 cm. 
336 |a text  |b txt  |2 rdacontent 
337 |a unmediated  |b n  |2 rdamedia 
338 |a volume  |b nc  |2 rdacarrier 
490 1 |a Optics and photonics 
504 |a Includes bibliographical references and index. 
650 0 |a Fiber optics. 
650 0 |a Nonlinear optics. 
650 7 |a Fiber optics.  |2 nasat 
650 7 |a Nonlinear optics.  |2 nasat 
650 7 |a Optical fibers.  |2 nasat 
650 7 |a Wave propagation.  |2 nasat 
650 7 |a PULSE COMPRESSION.  |2 nasat 
650 7 |a OPTICS.  |2 nasat 
830 0 |a Optics and photonics. 
948 |a cataloged  |b h  |c 2001/4/11  |d c  |e cmulkey  |f 12:50:05 pm 
994 |a E0  |b TXA 
999 |a MARS 
999 f f |s 3fc97298-7772-3e85-9c25-e5cca1dca474  |i 6dcf0571-dbb5-3ca3-9ad0-c2bb9fd51843  |t 0 
952 f f |p normal  |a Texas A&M University  |b College Station  |c Sterling C. Evans Library  |d Evans: Library Stacks  |t 0  |e QC448 .A38 2001  |h Library of Congress classification  |i unmediated -- volume  |m A14827630556 
998 f f |a QC448 .A38 2001  |t 0  |l Evans: Library Stacks